00364 2200169 4500001002100000005001500021035002000036245002700056100001100083250000600094260003600100082000800136084001400144990001200158990001200170990001200182INLIS00000000000171820250505091642 a0010-05250000101 aSang Pewaris /cDarsan0 aDarsan a1 aJakarta :bSasmita Utama,c2000 a800 a800 DAR s a00.0231 a00.0232 a00.0233